000
00242nam a22001217a 4500
003
SGT
082
_a
370
_b
MAH
100
_a
MAHINDRA, JP
245
_a
MATHEMATICS CLASS XI
260
_a
HARYANA
_b
BMBD
_c
2018
300
_a
384
942
_2
ddc
_c
BK
999
_c
19020
_d
19020